Nové metody deflace HDP

Podstata problematiky deflácie. Deflácia agregátov. Konsolidácia a deflácia vo vybraných odvetviach ekonomiky. Dôvody a metódy konsolidácie. Situácia na trhu s elektrickou energiou, s plynom, s rafinérskymi produktami. Zásadné zmeny v deflácii vzdelávacích a zdravotníckych služieb. Školstvo - netrho...

Descripción completa

Guardado en:
Detalles Bibliográficos
Autor principal: Jedličková, Eva
Formato: Capítulo de libro
Lenguaje:checo
Materias:
Etiquetas: Agregar Etiqueta
Sin Etiquetas, Sea el primero en etiquetar este registro!

MARC

LEADER 00000naa$a2200000$$$4500
001 0098533
005 20231013082201.2
041 0 |a cze 
044 |a CZ 
245 1 0 |a Nové metody deflace HDP  |c Eva Jedličková... [ et al. ] 
520 |a Podstata problematiky deflácie. Deflácia agregátov. Konsolidácia a deflácia vo vybraných odvetviach ekonomiky. Dôvody a metódy konsolidácie. Situácia na trhu s elektrickou energiou, s plynom, s rafinérskymi produktami. Zásadné zmeny v deflácii vzdelávacích a zdravotníckych služieb. Školstvo - netrhové služby. Zdravotníctvo - trhové služby. 
610 2 0 |a produkt domáci hrubý 
610 2 0 |a deflácia 
610 2 0 |a odvetvia činnosti ekonomickej 
610 2 0 |a účtovníctvo národné 
610 2 0 |a trh 
610 2 0 |a zdravotníctvo 
610 2 0 |a školstvo 
610 2 0 |a Česko 
100 1 |a Jedličková, Eva